[Event "EU-ch Online U14 Girls"]
[Site "Tornelo INT"]
[Date "2020.09.19"]
[Round "6"]
[White "Lappi, Aurora"]
[Black "Miltiadou, Danai"]
[Result "1/2-1/2"]
[WhiteElo "1180"]
[BlackElo "1278"]
[PlyCount "133"]
[EventDate "2020.09.18"]
[EventType "swiss (rapid)"]
[EventRounds "9"]
[EventCountry "NET"]
[SourceTitle "EXT 2023"]
[Source "ChessBase"]
[SourceDate "2022.10.05"]
[SourceVersion "1"]
[SourceVersionDate "2022.10.05"]
[SourceQuality "1"]
[WhiteTeam "Finland"]
[BlackTeam "Zypern"]
[WhiteTeamCountry "FIN"]
[BlackTeamCountry "CYP"]

1. d4 d5 2. c4 Nf6 3. Nf3 Nc6 4. Nc3 Bf5 5. a3 e6 6. Bf4 Bd6 7. Bxd6 Qxd6 8. c5 Qd7 9. e3 a6 10. Bd3 Ne4 11. 0-0 0-0 12. Bxe4 Bxe4 13. Nxe4 dxe4 14. Nd2 Qd5 15. f3 exf3 16. Qxf3 Qxf3 17. Nxf3 Rfe8 18. Rad1 b6 19. b4 Ne7 20. Ne5 f6 21. Nd3 Ng6 22. Rc1 Rad8 23. cxb6 cxb6 24. Rc6 e5 25. Rxb6 exd4 26. exd4 Rxd4 27. Nc5 Nf4 28. Rxa6 Ne2+ 29. Kh1 Rf4 30. Ra1 Nc3 31. h3 g5 32. Nd3 Rf5 33. Rc6 Ne4 34. Kg1 h5 35. Rf1 Rxf1+ 36. Kxf1 Ra8 37. Nf2 Ng3+ 38. Kg1 Rxa3 39. Rxf6 Kg7 40. Rb6 Kf7 41. Rb5 Kf6 42. Kh2 Nf5 43. Ne4+ Kg6 44. Rb6+ Kg7 45. Nxg5 Nd4 46. Ne4 h4 47. Rd6 Nb5 48. Rd5 Nc3 49. Nxc3 Rxc3 50. Rd4 Rb3 51. Rxh4 Kg6 52. Rg4+ Kh5 53. Rc4 Kg5 54. Rc5+ Kf6 55. h4 Rxb4 56. g3 Kg6 57. Kh3 Kh6 58. h5 Rb8 59. Kh4 Rg8 60. g4 Kh7 61. g5 Rg7 62. Rc6 Rd7 63. h6 Rd8 64. Kh5 Rd5 65. Rc7+ Kh8 66. h7 Rxg5+ 67. Kxg5 1/2-1/2

[Event "EU Union-ch U14 17th"]
[Site "Mureck"]
[Date "2019.08.05"]
[Round "6"]
[White "Lappi, Aurora"]
[Black "Chockalingam, Krithik"]
[Result "0-1"]
[WhiteElo "1118"]
[BlackElo "1368"]
[PlyCount "120"]
[EventDate "2019.07.31"]
[EventType "swiss"]
[EventRounds "9"]
[EventCountry "AUT"]
[SourceTitle "EXT 2020"]
[Source "ChessBase"]
[SourceDate "2019.10.17"]
[SourceVersion "1"]
[SourceVersionDate "2019.10.17"]
[SourceQuality "1"]

1. d4 Nf6 2. c4 d5 3. Nc3 e6 4. Bf4 c6 5. e3 Be7 6. c5 Nbd7 7. Nf3 0-0 8. Bd3 h6 9. 0-0 Re8 10. e4 dxe4 11. Nxe4 Nxe4 12. Bxe4 Nf6 13. Bc2 Nd5 14. Be3 Bf6 15. Qd2 Nxe3 16. fxe3 e5 17. dxe5 Qxd2 18. Nxd2 Bxe5 19. Bb3 Be6 20. Bxe6 Rxe6 21. Nc4 Bc7 22. Rad1 Re7 23. Rd3 Rd8 24. Rxd8+ Bxd8 25. Rd1 Bc7 26. Nd6 Bxd6 27. cxd6 Rd7 28. Kf2 f6 29. Kf3 Kf7 30. Kf4 g6 31. Rd4 c5 32. Rc4 b6 33. g4 Rxd6 34. a3 Ke6 35. Ke4 Rc6 36. b4 Kd6 37. b5 Rc7 38. Kd3 Ke6 39. Re4+ Kf7 40. Kc4 Re7 41. Rxe7+ Kxe7 42. Kd5 Kd7 43. e4 Ke7 44. a4 Kd7 45. h3 g5 46. e5 fxe5 47. Kxe5 c4 48. Kd4 Kd6 49. Kxc4 Ke5 50. Kb4 Kf4 51. a5 Kg3 52. axb6 axb6 53. Kc4 Kxh3 54. Kd5 Kxg4 55. Kc6 h5 56. Kxb6 h4 57. Ka7 h3 58. b6 h2 59. b7 h1Q 60. b8Q Qa1+ 0-1

[Event "EU Union-ch U14 17th"]
[Site "Mureck"]
[Date "2019.08.04"]
[Round "5"]
[White "Lappi, Aurora"]
[Black "Vanderstappen, Louise"]
[Result "0-1"]
[WhiteElo "1118"]
[BlackElo "1467"]
[PlyCount "90"]
[EventDate "2019.07.31"]
[EventType "swiss"]
[EventRounds "9"]
[EventCountry "AUT"]
[SourceTitle "EXT 2020"]
[Source "ChessBase"]
[SourceDate "2019.10.17"]
[SourceVersion "1"]
[SourceVersionDate "2019.10.17"]
[SourceQuality "1"]

1. d4 Nf6 2. c4 g6 3. Nf3 Bg7 4. Nc3 0-0 5. e4 d6 6. Be2 Nbd7 7. 0-0 e5 8. Bg5 Re8 9. dxe5 dxe5 10. Nd5 h6 11. Bxf6 Nxf6 12. Qc2 c6 13. Ne3 Qc7 14. Rad1 Be6 15. b4 Red8 16. a4 a6 17. Nd2 c5 18. bxc5 Qxc5 19. Nb3 Qc6 20. Na5 Qxe4 21. Qxe4 Nxe4 22. Nxb7 Rxd1 23. Nxd1 Nd2 24. Re1 Bxc4 25. Nd6 Bxe2 26. Rxe2 Nb3 27. Nc4 Rd8 28. Ndb2 Nc5 29. g3 Rd4 30. Rc2 e4 31. Nb6 Rb4 32. Rxc5 Rxb6 33. Nc4 Rb4 34. a5 Bd4 35. Rc6 Rb1+ 36. Kg2 Rc1 37. Rxa6 Rxc4 38. Rd6 Ra4 39. a6 Ba7 40. Kf1 Ra2 41. Rf6 Kg7 42. Rf4 f5 43. f3 Be3 44. Rh4 exf3 45. Ke1 Ra1# 0-1

[Event "EU Union-ch U14 17th"]
[Site "Mureck"]
[Date "2019.08.01"]
[Round "2"]
[White "Lappi, Aurora"]
[Black "Nazarov, Vladislav"]
[Result "0-1"]
[WhiteElo "1118"]
[BlackElo "1494"]
[PlyCount "112"]
[EventDate "2019.07.31"]
[EventType "swiss"]
[EventRounds "9"]
[EventCountry "AUT"]
[SourceTitle "EXT 2020"]
[Source "ChessBase"]
[SourceDate "2019.10.17"]
[SourceVersion "1"]
[SourceVersionDate "2019.10.17"]
[SourceQuality "1"]

1. d4 Nf6 2. Nf3 g6 3. b3 d5 4. c4 Bg7 5. Bb2 0-0 6. cxd5 Nxd5 7. e4 Nb6 8. Nc3 Bg4 9. Be2 Bxf3 10. Bxf3 Qxd4 11. 0-0 Qxd1 12. Raxd1 c6 13. Rfe1 N8d7 14. Na4 Bxb2 15. Nxb2 Ne5 16. Be2 Rad8 17. f4 Ned7 18. f5 Ne5 19. Nd3 Nxd3 20. Bxd3 Rd4 21. Bc2 Rfd8 22. fxg6 hxg6 23. Rxd4 Rxd4 24. Kf2 Rd2+ 25. Re2 Rxe2+ 26. Kxe2 Kg7 27. Kf3 Kf6 28. Kf4 e5+ 29. Kg4 Nd7 30. b4 Nf8 31. Bb3 Ne6 32. h4 Nd4 33. Bd1 Nb5 34. Bf3 Nc3 35. a3 Nb5 36. a4 Nc3 37. a5 Na2 38. h5 gxh5+ 39. Kxh5 Nxb4 40. g4 b6 41. axb6 axb6 42. Kh6 c5 43. g5+ Ke7 44. Kg7 c4 45. Bh5 c3 46. Bxf7 c2 47. Bh5 c1Q 48. g6 Qg5 49. Bd1 Qf6+ 50. Kh7 Kf8 51. Kh6 Qh4+ 52. Bh5 Qf4+ 53. Kh7 Qf6 54. Kh6 Kg8 55. Be2 Qh4+ 56. Bh5 Qf4# 0-1

[Event "EU Union-ch U12"]
[Site "Kouty nad Desnou"]
[Date "2018.08.13"]
[Round "7"]
[White "Prochazka, Vojtech"]
[Black "Lappi, Aurora"]
[Result "1-0"]
[WhiteElo "1554"]
[BlackElo "1086"]
[PlyCount "121"]
[EventDate "2018.08.07"]
[EventType "swiss"]
[EventRounds "9"]
[EventCountry "CZE"]
[SourceTitle "CBM 186 Extra"]
[Source "ChessBase"]
[SourceDate "2018.08.24"]
[SourceVersion "1"]
[SourceVersionDate "2018.08.24"]
[SourceQuality "1"]

1. e4 c5 2. Nf3 Nc6 3. d4 cxd4 4. Nxd4 e5 5. Nb5 d6 6. c4 Nf6 7. N5c3 Be7 8. Be2 0-0 9. Be3 Be6 10. 0-0 a6 11. f3 Rb8 12. Na3 Qa5 13. Nd5 Bxd5 14. cxd5 Nd4 15. Bxd4 exd4 16. Qxd4 b5 17. Rfd1 Bd8 18. Qd2 Qb6+ 19. Kh1 Qf2 20. Bf1 Qh4 21. g3 Qh5 22. Bg2 h6 23. Rac1 Qe5 24. Qd4 Qe8 25. Rc6 b4 26. Nc4 b3 27. axb3 Rxb3 28. Nxd6 Qd7 29. Rxa6 Be7 30. Nf5 Rfb8 31. Nxe7+ Qxe7 32. Ra7 Qe8 33. e5 Nd7 34. f4 Rxb2 35. Bh3 R2b7 36. Rxb7 Rxb7 37. Bxd7 Rxd7 38. d6 Qa8+ 39. Qd5 Qe8 40. Rc1 Qd8 41. Qc6 Kh7 42. Qc2+ g6 43. Qc8 Qa5 44. Qc5 Qa4 45. Qc6 Qa3 46. Qc3 Qa4 47. Qc4 Qa3 48. Rc3 Qa1+ 49. Kg2 Qb2+ 50. Kh3 Qb1 51. Qd3 Qb6 52. Qc2 Qd4 53. Rc7 Qd5 54. Qc4 Rxd6 55. exd6 Qf5+ 56. Kg2 Kg7 57. d7 Qf6 58. Qc3 Qxc3 59. Rxc3 f6 60. d8Q Kh7 61. Rc7# 1-0

[Event "EU Union-ch U12"]
[Site "Kouty nad Desnou"]
[Date "2018.08.09"]
[Round "3"]
[White "Kapicakova, Lucia"]
[Black "Lappi, Aurora"]
[Result "1-0"]
[WhiteElo "1548"]
[BlackElo "1086"]
[PlyCount "83"]
[EventDate "2018.08.07"]
[EventType "swiss"]
[EventRounds "9"]
[EventCountry "CZE"]
[SourceTitle "CBM 186 Extra"]
[Source "ChessBase"]
[SourceDate "2018.08.24"]
[SourceVersion "1"]
[SourceVersionDate "2018.08.24"]
[SourceQuality "1"]

1. Nf3 d5 2. g3 Nf6 3. Bg2 Nc6 4. d3 e5 5. Nbd2 Bf5 6. 0-0 Bc5 7. Nh4 Qd7 8. e4 Bh3 9. exd5 Nxd5 10. Ne4 Be7 11. Nf3 Bxg2 12. Kxg2 h5 13. h4 0-0-0 14. Re1 Qf5 15. c3 Nf6 16. Qe2 Ng4 17. b4 Nf6 18. Neg5 Nd5 19. Bb2 Bxg5 20. Nxg5 Rde8 21. a4 Rh6 22. b5 Na5 23. c4 Nb4 24. Ne4 Nb3 25. Rab1 Rd8 26. Red1 Nd4 27. Bxd4 exd4 28. Rxb4 Re6 29. Qf3 Qe5 30. Rbb1 f5 31. Ng5 Rg6 32. Nf7 Qf6 33. Nxd8 Qxd8 34. Qxf5+ Kb8 35. Qxg6 Qd7 36. Re1 b6 37. Re8+ Kb7 38. Qe4+ c6 39. Re7 Qxe7 40. Qxe7+ Kc8 41. bxc6 Kb8 42. Qb7# 1-0

[Event "EU Union-ch U12"]
[Site "Kouty nad Desnou"]
[Date "2017.08.19"]
[Round "1"]
[White "Lappi, Aurora"]
[Black "Kalina, Lena"]
[Result "1-0"]
[WhiteElo "1126"]
[BlackElo "1566"]
[PlyCount "71"]
[EventDate "2017.08.19"]
[EventType "swiss"]
[EventRounds "9"]
[EventCountry "CZE"]
[SourceTitle "CBM 180 Extra"]
[Source "ChessBase"]
[SourceDate "2017.10.06"]
[SourceVersion "1"]
[SourceVersionDate "2017.10.06"]
[SourceQuality "1"]

1. d4 Nf6 2. c4 g6 3. Nf3 Bg7 4. Nc3 0-0 5. e4 d6 6. Be2 Re8 7. 0-0 e5 8. d5 Nbd7 9. b4 Rf8 10. Ba3 a5 11. b5 b6 12. Re1 Ne8 13. Na4 f5 14. Bd3 Ndf6 15. Bc1 fxe4 16. Bxe4 Nxe4 17. Rxe4 Bf5 18. Re1 h6 19. h3 g5 20. Bb2 Nf6 21. Rc1 h5 22. Nxe5 dxe5 23. Rxe5 Ne4 24. Qxh5 Bxe5 25. Bxe5 Bh7 26. f3 Nc5 27. Nxc5 bxc5 28. h4 Rf5 29. Re1 gxh4 30. Qh6 Rf7 31. Qh5 Rf5 32. Qh6 Rf7 33. Qh5 Rc8 34. Qg4+ Kf8 35. Bf4 Bf5 36. Bh6+ 1-0

[Event "EU-ch U10 Girls 26th"]
[Site "Prague"]
[Date "2016.08.24"]
[Round "6"]
[White "Lappi, Aurora"]
[Black "Deleu, Leen"]
[Result "0-1"]
[WhiteElo "1372"]
[BlackElo "1130"]
[PlyCount "98"]
[EventDate "2016.08.18"]
[EventType "swiss"]
[EventRounds "9"]
[EventCountry "CZE"]
[SourceTitle "CBM 174 Extra"]
[Source "ChessBase"]
[SourceDate "2016.10.10"]
[SourceVersion "1"]
[SourceVersionDate "2016.10.10"]
[SourceQuality "1"]

1. d4 Nf6 2. c4 c5 3. Nf3 e6 4. Nc3 d5 5. e3 Nc6 6. Be2 Be7 7. 0-0 0-0 8. b3 Bd6 9. Nb5 Be7 10. Ba3 a6 11. Nc3 Ne4 12. Rc1 Nxc3 13. Rxc3 dxc4 14. bxc4 cxd4 15. Bxe7 Qxe7 16. exd4 Rd8 17. Rd3 Nb4 18. Rd2 b6 19. a3 Nc6 20. Re1 Qxa3 21. Rd3 Qe7 22. Bf1 Bb7 23. Qd2 Nb4 24. Rb3 Bxf3 25. Rxf3 Nc6 26. d5 Qc5 27. Qg5 exd5 28. Rg3 g6 29. Rh3 dxc4 30. Qh6 Qd4 31. Bxc4 Qg7 32. Qf4 Rd4 33. Qc1 b5 34. Bxf7+ Qxf7 35. Qxc6 Rad8 36. Rhe3 Rd1 37. Re8+ Qxe8 38. Qxe8+ Rxe8 39. Rxd1 b4 40. g3 b3 41. Rb1 Rb8 42. Kg2 a5 43. f4 a4 44. h4 a3 45. g4 a2 46. Ra1 b2 47. Rxa2 b1Q 48. Ra7 Qc2+ 49. Kg3 Rb3# 0-1

[Event "Nordic-ch U13 Girls"]
[Site "Alta"]
[Date "2016.04.30"]
[Round "4"]
[White "Lappi, Aurora"]
[Black "Ng, Agnes"]
[Result "0-1"]
[WhiteElo "1021"]
[BlackElo "1428"]
[PlyCount "46"]
[EventDate "2016.04.29"]
[EventType "swiss"]
[EventRounds "5"]
[EventCountry "NOR"]
[SourceTitle "EXT 2024"]
[Source "ChessBase"]
[SourceDate "2023.10.10"]
[SourceVersion "1"]
[SourceVersionDate "2023.10.10"]
[SourceQuality "1"]

1. e4 c5 2. Nc3 Nc6 3. Bc4 g6 4. Nf3 Bg7 5. Ng5 e6 6. 0-0 Qxg5 7. d3 Qd8 8. Nb5 d6 9. e5 Bxe5 10. f4 Bg7 11. Nc3 Nge7 12. d4 Bxd4+ 13. Kh1 d5 14. f5 dxc4 15. fxg6 hxg6 16. Ne4 Qc7 17. Bf4 Be5 18. Bxe5 Nxe5 19. g4 Nd5 20. g5 Nf3 21. Nf6+ Nxf6 22. Rf2 Rxh2+ 23. Rxh2 Qxh2# 0-1